[Event "European Hybrid Qual 2021"]
[Site "Tornelo INT"]
[Date "2021.05.26"]
[Round "2.1"]
[White "Gelfand, Boris"]
[Black "Pechac, Jergus"]
[Result "1/2-1/2"]
[WhiteTitle "GM"]
[BlackTitle "GM"]
[WhiteElo "2676"]
[BlackElo "2519"]
[WhiteFideId "2805677"]
[BlackFideId "14926970"]
[EventDate "2021.05.24"]
[EventType "k.o."]

1. d4 d5 2. c4 c6 3. Nf3 Nf6 4. e3 Bf5 5. Nc3 a6 6. Bd2 e6 7. Nh4 Bg6 8. Nxg6
hxg6 9. g3 dxc4 10. Bxc4 c5 11. dxc5 Bxc5 12. Bf1 Nc6 13. Bg2 Qd3 14. Qe2 O-O-O
15. Qxd3 Rxd3 16. Ke2 Rhd8 17. Rhd1 Ng4 18. Be1 Rxd1 19. Rxd1 Rxd1 20. Nxd1 Nxh2
21. Bc3 Ng4 22. Bxg7 Be7 23. Bxc6 bxc6 24. Nc3 Kc7 25. f3 Bf6 26. Bxf6 Nxf6 27.
g4 Nd7 28. g5 Kd6 29. Kd3 Ne5+ 30. Ke4 c5 31. f4 Nd7 32. Kd3 e5 33. Ne4+ Kd5 34.
b3 exf4 35. exf4 Nb6 36. Nc3+ Ke6 37. a4 a5 38. Ke4 c4 39. bxc4 Nxc4 40. Kd4 Nb2
41. Ke4 Nc4 42. Kd4 Nb6 43. Ke4 Nd7 44. Kd4 Kf5 45. Nd5 Kg4 46. Kc4 Kf3 47. Kb5
Ke4 48. Nb6 Nb8 49. Nc4 Kxf4 50. Nd6 Kxg5 51. Nxf7+ Kf6 1/2-1/2

[Event "European Hybrid Qual 2021"]
[Site "Tornelo INT"]
[Date "2021.05.27"]
[Round "2.2"]
[White "Pechac, Jergus"]
[Black "Gelfand, Boris"]
[Result "1/2-1/2"]
[WhiteTitle "GM"]
[BlackTitle "GM"]
[WhiteElo "2519"]
[BlackElo "2676"]
[WhiteFideId "14926970"]
[BlackFideId "2805677"]
[EventDate "2021.05.24"]
[EventType "k.o."]

1. d4 Nf6 2. c4 e6 3. Nc3 Bb4 4. e3 O-O 5. Bd3 d5 6. Nf3 dxc4 7. Bxc4 c5 8. O-O
cxd4 9. exd4 b6 10. Qe2 h6 11. Rd1 Bb7 12. Bf4 Bxc3 13. bxc3 Nbd7 14. Bb3 Nd5
15. Bd2 Qc7 16. c4 Nf4 17. Qe3 Ng6 18. Rac1 Nf6 19. Ne5 Nxe5 20. Qxe5 Qxe5 21.
dxe5 Ne4 22. Bb4 Rfc8 23. f3 Nc5 24. Rd6 Nxb3 25. axb3 Bc6 26. Ra1 a5 27. Be1 a4
28. bxa4 Bxa4 29. Rxb6 Rxc4 30. Rb4 Rxb4 31. Bxb4 Bc6 32. Rxa8+ 1/2-1/2

[Event "European Hybrid Qual 2021"]
[Site "Tornelo INT"]
[Date "2021.05.27"]
[Round "2.3"]
[White "Pechac, Jergus"]
[Black "Gelfand, Boris"]
[Result "1/2-1/2"]
[WhiteTitle "GM"]
[BlackTitle "GM"]
[WhiteElo "2519"]
[BlackElo "2676"]
[WhiteFideId "14926970"]
[BlackFideId "2805677"]
[EventDate "2021.05.24"]
[EventType "k.o."]

1. d4 Nf6 2. c4 e6 3. Nc3 Bb4 4. e3 O-O 5. Bd3 d5 6. Nf3 dxc4 7. Bxc4 c5 8. O-O
cxd4 9. exd4 b6 10. Qe2 Bb7 11. Rd1 Bxc3 12. bxc3 Qc7 13. Bd3 Nbd7 14. c4 Rfe8
15. Bb2 h6 16. Rac1 Nh5 17. Qe3 Nf4 18. Bf1 Ng6 19. h3 Rac8 20. Re1 Nf6 21. Bd3
Nf4 22. Bf1 Ng6 23. a3 Bc6 24. Bd3 Nf4 25. Bf1 Ng6 26. Bd3 Nf4 27. Bf1 Ng6 1/2-1/2

[Event "European Hybrid Qual 2021"]
[Site "Tornelo INT"]
[Date "2021.05.27"]
[Round "2.4"]
[White "Gelfand, Boris"]
[Black "Pechac, Jergus"]
[Result "1/2-1/2"]
[WhiteTitle "GM"]
[BlackTitle "GM"]
[WhiteElo "2676"]
[BlackElo "2519"]
[WhiteFideId "2805677"]
[BlackFideId "14926970"]
[EventDate "2021.05.24"]
[EventType "k.o."]

1. d4 d5 2. c4 c6 3. Nf3 Nf6 4. e3 Bf5 5. Nc3 a6 6. Bd2 e6 7. Nh4 Bg4 8. Qb3 b5
9. h3 dxc4 10. Bxc4 Bh5 11. Bd3 c5 12. g4 Bg6 13. Nxg6 hxg6 14. g5 c4 15. Bxc4
bxc4 16. Qb4 1/2-1/2

[Event "European Hybrid Qual 2021"]
[Site "Tornelo INT"]
[Date "2021.05.27"]
[Round "2.5"]
[White "Pechac, Jergus"]
[Black "Gelfand, Boris"]
[Result "1-0"]
[WhiteTitle "GM"]
[BlackTitle "GM"]
[WhiteElo "2519"]
[BlackElo "2676"]
[WhiteFideId "14926970"]
[BlackFideId "2805677"]
[EventDate "2021.05.24"]
[EventType "k.o."]

1. d4 Nf6 2. Nf3 d5 3. c4 e6 4. Nc3 c6 5. Bg5 h6 6. Bh4 Be7 7. e3 Nbd7 8. Qc2
O-O 9. a3 a6 10. Rd1 b6 11. Be2 Bb7 12. O-O c5 13. dxc5 bxc5 14. cxd5 exd5 15.
Bg3 Rc8 16. Qa4 Qb6 17. Rd2 Rfd8 18. Rc1 Nf8 19. Qd1 Ne6 20. Ne5 Qa7 21. Bh5 Rf8
22. Bf3 d4 23. Na4 dxe3 24. fxe3 Bxf3 25. Qxf3 Qa8 26. Qxa8 Rxa8 27. Nc6 Rae8
28. Nb6 Ne4 29. Rd3 Nxg3 30. hxg3 f6 31. Nd5 Bd8 32. Rcd1 Bc7 33. Kf2 Rf7 34.
Nf4 Ng5 35. Rd7 Be5 36. b4 cxb4 37. axb4 Ne4+ 38. Kf3 Ng5+ 39. Kg4 Bxf4 40. gxf4
Ne4 41. Rxf7 Kxf7 42. Rd7+ Kg6 43. Ne7+ Kh7 44. Nf5 Rg8 45. Kf3 Nc3 46. Ne7 Re8
47. Ra7 Nb5 48. Rd7 h5 49. Nf5 Rf8 50. Rxg7+ Kh8 51. Rg6 Kh7 52. Rh6+ Kg8 53.
Rxh5 Rc8 54. Nh6+ 1-0

[Event "European Hybrid Qual 2021"]
[Site "Tornelo INT"]
[Date "2021.05.26"]
[Round "2.1"]
[White "Teclaf, Pawel"]
[Black "Romanov, Evgeny"]
[Result "1/2-1/2"]
[WhiteTitle "IM"]
[BlackTitle "GM"]
[WhiteElo "2502"]
[BlackElo "2599"]
[WhiteFideId "1185934"]
[BlackFideId "4148843"]
[EventDate "2021.05.24"]
[EventType "k.o."]

1. c4 e5 2. Nc3 Nf6 3. Nf3 Nc6 4. e4 d6 5. d4 Bg4 6. d5 Nd4 7. Be2 Nxe2 8. Qxe2
Be7 9. Be3 O-O 10. h3 Bd7 11. O-O Ne8 12. Nd2 Bg5 13. Rae1 g6 14. Bxg5 Qxg5 15.
f4 exf4 16. Nf3 Qh6 17. e5 dxe5 18. Nxe5 Bf5 19. Ng4 Bxg4 20. Qxg4 Ng7 21. Qxf4
Qxf4 22. Rxf4 Rfe8 23. Ne4 Nh5 1/2-1/2

[Event "European Hybrid Qual 2021"]
[Site "Tornelo INT"]
[Date "2021.05.27"]
[Round "2.2"]
[White "Romanov, Evgeny"]
[Black "Teclaf, Pawel"]
[Result "0-1"]
[WhiteTitle "GM"]
[BlackTitle "IM"]
[WhiteElo "2599"]
[BlackElo "2502"]
[WhiteFideId "4148843"]
[BlackFideId "1185934"]
[EventDate "2021.05.24"]
[EventType "k.o."]

1. e4 c5 2. Nc3 a6 3. f4 b5 4. g3 Bb7 5. Bg2 e6 6. d3 d5 7. f5 d4 8. fxe6 fxe6
9. Nb1 Nf6 10. Nf3 Bd6 11. O-O Nbd7 12. Bh3 Qe7 13. a4 O-O 14. Ng5 e5 15. axb5
axb5 16. Rxa8 Bxa8 17. Na3 Bc6 18. c4 dxc3 19. Nxb5 cxb2 20. Bxb2 Bxb5 21. Qb3+
c4 22. Qxb5 cxd3 23. Qxd3 Nc5 24. Qc4+ Kh8 25. Be6 Nxe6 26. Nxe6 Re8 27. Ng5 h6
28. Nf7+ Kh7 29. Rf5 Bc5+ 30. Kg2 Qb7 31. Bxe5 Ng4 32. Kh3 Ne3 33. Qa4 Ra8 0-1

[Event "European Hybrid Qual 2021"]
[Site "Tornelo INT"]
[Date "2021.05.26"]
[Round "2.1"]
[White "Anton Guijarro, David"]
[Black "Lomasov, Semyon"]
[Result "1/2-1/2"]
[WhiteTitle "GM"]
[BlackTitle "IM"]
[WhiteElo "2673"]
[BlackElo "2525"]
[WhiteFideId "2285525"]
[BlackFideId "24164879"]
[EventDate "2021.05.24"]
[EventType "k.o."]

1. d4 d5 2. c4 dxc4 3. Nf3 Nf6 4. Qa4+ c6 5. Qxc4 Bf5 6. g3 e6 7. Bg2 Be7 8. O-O
O-O 9. e3 Nbd7 10. Qe2 h6 11. Nc3 Bg6 12. e4 Bb4 13. Ne5 Bh5 14. Qc4 c5 15. dxc5
Bxc5 16. Nd3 Rc8 17. Nxc5 Nxc5 18. Qb5 a6 19. Qb4 b5 20. h3 Nd3 21. Qb3 b4 22.
Na4 Be2 23. Be3 Bxf1 24. Rxf1 Ne5 25. Nb6 Rb8 26. Rd1 Qc7 27. Rc1 Qd8 28. Rd1
Qc7 29. Rc1 Qd8 30. Rd1 1/2-1/2

[Event "European Hybrid Qual 2021"]
[Site "Tornelo INT"]
[Date "2021.05.27"]
[Round "2.2"]
[White "Lomasov, Semyon"]
[Black "Anton Guijarro, David"]
[Result "0-1"]
[WhiteTitle "IM"]
[BlackTitle "GM"]
[WhiteElo "2525"]
[BlackElo "2673"]
[WhiteFideId "24164879"]
[BlackFideId "2285525"]
[EventDate "2021.05.24"]
[EventType "k.o."]

1. e4 c6 2. d4 d5 3. e5 Bf5 4. Bd3 Bxd3 5. Qxd3 e6 6. Ne2 c5 7. c3 Ne7 8. Nd2
Nd7 9. Nf3 Nc6 10. h4 Be7 11. Nf4 cxd4 12. cxd4 Rc8 13. Bd2 Nb4 14. Bxb4 Bxb4+
15. Ke2 Be7 16. Rac1 Rxc1 17. Rxc1 O-O 18. b3 Qb6 19. Ng5 Bxg5 20. hxg5 Re8 21.
Nh5 Nf8 22. a4 a6 23. Rc5 Ng6 24. Qc3 Qd8 25. Qg3 b5 26. axb5 axb5 27. Kf1 Qa8
28. Qe3 Qa2 29. Rc1 Nh4 30. Qc3 Qa6 31. b4 Qa2 32. g3 Nf5 33. g4 Nh4 34. Qg3 Qd2
35. Ra1 Qxd4 36. Re1 Qc4+ 37. Kg1 Qxb4 38. Rc1 Qb2 39. Rc6 Ng6 40. Rc3 b4 41.
Re3 Qd4 42. Kg2 Rc8 0-1

[Event "European Hybrid Qual 2021"]
[Site "Tornelo INT"]
[Date "2021.05.26"]
[Round "2.1"]
[White "Gavrilescu, David"]
[Black "Demchenko, Anton"]
[Result "1/2-1/2"]
[WhiteTitle "IM"]
[BlackTitle "GM"]
[WhiteElo "2470"]
[BlackElo "2599"]
[WhiteFideId "1227190"]
[BlackFideId "4160258"]
[EventDate "2021.05.24"]
[EventType "k.o."]

1. e4 c5 2. Nf3 d6 3. d4 cxd4 4. Nxd4 Nf6 5. Nc3 Nc6 6. Bb5 Bd7 7. Be3 e6 8. Qe2
Nxd4 9. Bxd4 a6 10. Bxd7+ Nxd7 11. O-O-O b5 12. Rhe1 Qc7 13. Nd5 exd5 14. exd5+
Ne5 15. f4 f6 16. Rd3 Be7 17. Rc3 Qb8 18. fxe5 dxe5 19. Qh5+ Kf8 20. Rxe5 fxe5
21. Rf3+ Bf6 22. Rxf6+ gxf6 23. Bc5+ Kg7 24. Qg4+ Kf7 25. Qe6+ Kg6 26. Qg4+ Kf7
27. Qe6+ Kg6 28. Qg4+ Kf7 1/2-1/2

[Event "European Hybrid Qual 2021"]
[Site "Tornelo INT"]
[Date "2021.05.27"]
[Round "2.2"]
[White "Demchenko, Anton"]
[Black "Gavrilescu, David"]
[Result "1-0"]
[WhiteTitle "GM"]
[BlackTitle "IM"]
[WhiteElo "2599"]
[BlackElo "2470"]
[WhiteFideId "4160258"]
[BlackFideId "1227190"]
[EventDate "2021.05.24"]
[EventType "k.o."]

1. e4 e6 2. d4 d5 3. Nc3 Nf6 4. Bg5 dxe4 5. Nxe4 Nbd7 6. Nf3 h6 7. Bxf6 Nxf6 8.
Bd3 Nxe4 9. Bxe4 c5 10. Qe2 Qa5+ 11. c3 cxd4 12. Nxd4 Qb6 13. Qb5+ Qxb5 14. Nxb5
Ke7 15. O-O-O Bd7 16. Bxb7 Rb8 17. Nd6 g6 18. Bf3 Rd8 19. Rd3 Bb5 20. Nxb5 Rxd3
21. Kc2 Rd7 22. Bc6 Rd8 23. Nxa7 Bg7 24. a4 Rd6 25. a5 Kd8 26. b4 Kc7 27. Bf3
Ra6 28. Nb5+ Kc8 29. Rd1 Be5 30. h3 Re8 31. c4 f5 32. Kb3 Bb8 33. c5 e5 34. Be2
Rd8 35. Rxd8+ Kxd8 36. Kc4 Re6 37. Kd5 Kd7 38. Na3 e4 39. Nc4 Ke7 40. b5 f4 41.
b6 e3 42. fxe3 fxe3 43. a6 1-0

[Event "European Hybrid Qual 2021"]
[Site "Tornelo INT"]
[Date "2021.05.26"]
[Round "2.1"]
[White "Berkes, Ferenc"]
[Black "Halkias, Stelios"]
[Result "1/2-1/2"]
[WhiteTitle "GM"]
[BlackTitle "GM"]
[WhiteElo "2673"]
[BlackElo "2567"]
[WhiteFideId "718572"]
[BlackFideId "4201809"]
[EventDate "2021.05.24"]
[EventType "k.o."]

1. d4 Nf6 2. c4 e6 3. Nc3 Bb4 4. e3 O-O 5. Bd3 d5 6. Nf3 dxc4 7. Bxc4 c5 8. O-O
cxd4 9. exd4 b6 10. Qa4 Bxc3 11. bxc3 Qc7 12. Ne5 Bb7 13. Bf4 Rc8 14. Rac1 Nc6
15. Be2 Nd5 16. Bg3 Qd8 17. Nc4 Nxc3 18. Rxc3 Nxd4 19. Bh5 b5 20. Qb4 Rxc4 21.
Rxc4 Qd5 22. Bxf7+ Kh8 23. f3 bxc4 24. Kh1 a5 25. Qb2 Rc8 26. Be1 Qd7 1/2-1/2

[Event "European Hybrid Qual 2021"]
[Site "Tornelo INT"]
[Date "2021.05.27"]
[Round "2.2"]
[White "Halkias, Stelios"]
[Black "Berkes, Ferenc"]
[Result "1/2-1/2"]
[WhiteTitle "GM"]
[BlackTitle "GM"]
[WhiteElo "2567"]
[BlackElo "2673"]
[WhiteFideId "4201809"]
[BlackFideId "718572"]
[EventDate "2021.05.24"]
[EventType "k.o."]

1. Nf3 d5 2. d4 Nf6 3. c4 c6 4. cxd5 cxd5 5. Nc3 Nc6 6. Bf4 a6 7. Ne5 e6 8. e3
Nxe5 9. Bxe5 Bd7 10. Bd3 Bc6 11. O-O Be7 12. f4 g6 1/2-1/2

[Event "European Hybrid Qual 2021"]
[Site "Tornelo INT"]
[Date "2021.05.27"]
[Round "2.3"]
[White "Halkias, Stelios"]
[Black "Berkes, Ferenc"]
[Result "0-1"]
[WhiteTitle "GM"]
[BlackTitle "GM"]
[WhiteElo "2567"]
[BlackElo "2673"]
[WhiteFideId "4201809"]
[BlackFideId "718572"]
[EventDate "2021.05.24"]
[EventType "k.o."]

1. Nf3 d5 2. d4 Nf6 3. c4 c6 4. cxd5 cxd5 5. Nc3 Nc6 6. Bf4 a6 7. Rc1 Bg4 8. Ne5
Nxe5 9. dxe5 d4 10. exf6 dxc3 11. Qb3 exf6 12. Rxc3 Be7 13. Rd3 Qc8 14. Rc3 Qf5
15. g3 O-O 16. Bg2 Rac8 17. O-O Rxc3 18. bxc3 Bc5 19. Qc4 b5 20. Qb3 Bxe2 21.
Re1 Bc4 22. Qb2 g5 23. Be3 Re8 24. Qd2 Bxe3 25. fxe3 Kg7 26. e4 Qe5 27. Rd1 h5
28. Qe3 a5 29. Rd4 Bxa2 30. Bf1 Rc8 31. h4 Bc4 32. Bxc4 Rxc4 33. Kf2 a4 34. Rd5
Qxc3 35. Qxc3 Rxc3 36. Rxb5 Kg6 37. Ra5 a3 38. Ra6 g4 39. e5 Kf5 40. exf6 Rc2+
41. Ke3 Rg2 42. Ra5+ Kg6 43. Kf4 Rf2+ 44. Ke5 Rf5+ 0-1

[Event "European Hybrid Qual 2021"]
[Site "Tornelo INT"]
[Date "2021.05.27"]
[Round "2.4"]
[White "Berkes, Ferenc"]
[Black "Halkias, Stelios"]
[Result "1-0"]
[WhiteTitle "GM"]
[BlackTitle "GM"]
[WhiteElo "2673"]
[BlackElo "2567"]
[WhiteFideId "718572"]
[BlackFideId "4201809"]
[EventDate "2021.05.24"]
[EventType "k.o."]

1. d4 Nf6 2. Nf3 e6 3. Bf4 c5 4. e3 Nc6 5. Nbd2 d5 6. c3 Nh5 7. Be5 f6 8. Bg3
Be7 9. Bd3 g6 10. Qe2 O-O 11. a3 c4 12. Bc2 b5 13. e4 f5 14. exf5 exf5 15. Be5
g5 16. Nxg5 Bxg5 17. Qxh5 Nxe5 18. dxe5 Bxd2+ 19. Kxd2 d4 20. Kc1 d3 21. Bd1 Be6
22. Kd2 Kh8 23. Bf3 Rb8 24. Qh6 Qe7 25. Qf4 a5 26. h4 b4 27. axb4 axb4 28. Ra2
bxc3+ 29. bxc3 Rb3 30. Rha1 Rfb8 31. Qg5 Qxg5+ 32. hxg5 f4 33. Bd1 Rb2+ 34. Rxb2
Rxb2+ 35. Kc1 Rb5 36. Ra7 Kg8 37. Re7 Bf5 38. e6 Bg6 39. Rc7 Rxg5 40. Bf3 Re5
41. Rxc4 Kf8 42. Rxf4+ Ke7 43. Kd2 Rxe6 44. Rd4 Ra6 45. Be4 Ra2+ 46. Kxd3 Rxf2
47. Bxg6 hxg6 48. Rg4 Kf6 49. c4 Kf5 50. Rg3 Ra2 51. Kd4 g5 52. c5 g4 53. c6
Rd2+ 54. Rd3 Rc2 55. Rc3 Rxc3 56. Kxc3 Ke6 57. Kd4 Kd6 58. Ke4 Kxc6 59. Kf4 1-0

[Event "European Hybrid Qual 2021"]
[Site "Tornelo INT"]
[Date "2021.05.26"]
[Round "2.1"]
[White "Caspi, Israel"]
[Black "Savchenko, Boris"]
[Result "1/2-1/2"]
[WhiteTitle "IM"]
[BlackTitle "GM"]
[WhiteElo "2492"]
[BlackElo "2538"]
[WhiteFideId "2807394"]
[BlackFideId "4147332"]
[EventDate "2021.05.24"]
[EventType "k.o."]

1. e4 c5 2. Nf3 d6 3. d4 cxd4 4. Nxd4 Nf6 5. Nc3 a6 6. f3 e6 7. Be3 b5 8. Qd2 b4
9. Na4 Nbd7 10. g4 h6 11. O-O-O Qc7 12. Qxb4 d5 13. Qc3 Qxc3 14. Nxc3 e5 15. Nc6
d4 16. Na4 dxe3 17. Nb6 Bb7 18. Nxa8 Bxc6 19. Nc7+ Kd8 20. Nxa6 Kc8 21. Re1 g5
22. h3 h5 23. Rg1 Nb8 24. Rxe3 Nxa6 25. Bxa6+ Kc7 26. Rc3 Kb6 27. Bc4 Bc5 28.
Rb3+ Kc7 29. Rf1 Ba4 30. Rd3 Nd7 31. b3 Bc6 32. c3 hxg4 33. hxg4 f5 34. Bd5 fxe4
35. fxe4 Bxd5 36. Rxd5 Be3+ 37. Kb2 Bf4 38. Rfd1 Nf6 39. Rc5+ Kb8 40. Rb5+ Kc7
41. Rc5+ Kb6 42. Rc4 Rh2+ 43. Ka3 Rd2 44. Rxd2 Bxd2 45. Kb4 Nxg4 46. a4 Ne3 47.
a5+ Kb7 48. Rc5 Nd1 49. Rd5 Bxc3+ 50. Kb5 Nf2 51. a6+ Ka7 52. Rd7+ Ka8 53. Rd8+
Ka7 54. Rd7+ Ka8 55. a7 Nxe4 56. b4 Nf6 57. Rf7 Nd5 58. Kc4 Bxb4 59. Kxd5 Bc3
60. Rg7 Bd4 61. Rxg5 Kxa7 62. Rxe5 Bxe5 1/2-1/2

[Event "European Hybrid Qual 2021"]
[Site "Tornelo INT"]
[Date "2021.05.27"]
[Round "2.2"]
[White "Savchenko, Boris"]
[Black "Caspi, Israel"]
[Result "1-0"]
[WhiteTitle "GM"]
[BlackTitle "IM"]
[WhiteElo "2538"]
[BlackElo "2492"]
[WhiteFideId "4147332"]
[BlackFideId "2807394"]
[EventDate "2021.05.24"]
[EventType "k.o."]

1. d4 Nf6 2. Nf3 d5 3. Bf4 c5 4. e3 Nc6 5. c3 e6 6. Nbd2 Bd6 7. Bg3 O-O 8. Bd3
b6 9. Qe2 Bb7 10. Rd1 h6 11. Ne5 Qc7 12. f4 Ne7 13. Qf3 Ne8 14. Bf2 f6 15. Qh3
Qc8 16. Nef3 cxd4 17. Nxd4 Nc7 18. O-O Qd7 19. c4 Rad8 20. cxd5 Nexd5 21. f5
exf5 22. Nxf5 Ne6 23. Qg4 Kh8 24. Nf3 Bb8 25. N3h4 Rfe8 26. Ng6+ Kg8 27. Bc4 Qf7
28. Ne5 Bxe5 29. Nxh6+ Kf8 30. Nxf7 Kxf7 31. e4 Ndc7 32. Bg3 Bd4+ 33. Kh1 Ba6
34. Bxa6 Nxa6 35. Qe2 Nac5 36. b3 Nd7 37. e5 Bxe5 38. Bxe5 Nxe5 39. Qxe5 Rxd1
40. Qh5+ 1-0

[Event "European Hybrid Qual 2021"]
[Site "Tornelo INT"]
[Date "2021.05.26"]
[Round "2.1"]
[White "Gumularz, Szymon"]
[Black "Eljanov, Pavel"]
[Result "1/2-1/2"]
[WhiteTitle "IM"]
[BlackTitle "GM"]
[WhiteElo "2517"]
[BlackElo "2672"]
[WhiteFideId "1188062"]
[BlackFideId "14102951"]
[EventDate "2021.05.24"]
[EventType "k.o."]

1. Nf3 d5 2. g3 g6 3. Bg2 Bg7 4. c4 dxc4 5. Na3 Nc6 6. Nxc4 e5 7. d3 Nge7 8. O-O
O-O 9. Rb1 a5 10. b3 Re8 11. Bb2 Nf5 12. e3 Nd6 13. Qe2 Bf5 14. Rfd1 Qd7 15. Ng5
Bg4 16. Bxc6 bxc6 17. f3 Bf5 18. Rbc1 a4 19. g4 Qe7 20. Ne4 1/2-1/2

[Event "European Hybrid Qual 2021"]
[Site "Tornelo INT"]
[Date "2021.05.27"]
[Round "2.2"]
[White "Eljanov, Pavel"]
[Black "Gumularz, Szymon"]
[Result "1/2-1/2"]
[WhiteTitle "GM"]
[BlackTitle "IM"]
[WhiteElo "2672"]
[BlackElo "2517"]
[WhiteFideId "14102951"]
[BlackFideId "1188062"]
[EventDate "2021.05.24"]
[EventType "k.o."]

1. c4 Nf6 2. Nc3 e5 3. g3 d5 4. cxd5 Nxd5 5. Bg2 Nb6 6. Nf3 Nc6 7. O-O Be7 8. d3
O-O 9. a3 Be6 10. Be3 Nd5 11. Nxd5 Bxd5 12. Rc1 Qd7 13. b4 a6 14. Bc5 Rfe8 15.
Qc2 Rad8 16. Rfd1 Bf6 17. e4 Be6 18. Qc3 Bg4 19. a4 Rc8 20. b5 axb5 21. axb5 Nd8
22. Qb2 Ne6 23. Be3 Nf4 24. Bxf4 exf4 25. e5 Bxf3 26. Bxf3 Rxe5 27. d4 Rxb5 28.
Bg4 Rxb2 29. Bxd7 Rd8 30. Rxc7 fxg3 31. hxg3 Kf8 32. Kg2 h5 33. Rd3 Rb4 34. d5
Be5 35. d6 Rb6 36. Rc8 Rxc8 37. Bxc8 Bxd6 38. Bxb7 Bxg3 39. Bf3 Bh4 40. Bxh5 g6
41. Be2 Rb2 42. Rd4 g5 43. Kf1 f5 44. f4 Rb1+ 45. Rd1 Rxd1+ 46. Bxd1 gxf4 47.
Bc2 1/2-1/2

[Event "European Hybrid Qual 2021"]
[Site "Tornelo INT"]
[Date "2021.05.27"]
[Round "2.3"]
[White "Eljanov, Pavel"]
[Black "Gumularz, Szymon"]
[Result "0-1"]
[WhiteTitle "GM"]
[BlackTitle "IM"]
[WhiteElo "2672"]
[BlackElo "2517"]
[WhiteFideId "14102951"]
[BlackFideId "1188062"]
[EventDate "2021.05.24"]
[EventType "k.o."]

1. d4 Nf6 2. c4 e6 3. Nc3 Bb4 4. Qc2 O-O 5. a3 Bxc3+ 6. Qxc3 b6 7. Bg5 Bb7 8. e3
d5 9. cxd5 Bxd5 10. Nf3 c5 11. dxc5 bxc5 12. Nd2 Nbd7 13. f3 Qc7 14. Be2 Rab8
15. e4 Bc6 16. O-O Bb5 17. Bxb5 Rxb5 18. Nc4 h6 19. Bh4 Nh5 20. Be7 Ra8 21. Rfd1
Nb6 22. Nd6 Rxb2 23. Qxb2 Qxe7 24. Rac1 Rd8 25. Qe5 c4 26. Nxc4 Nxc4 27. Rxd8+
Qxd8 28. Qxh5 Qd2 29. Rb1 Ne3 30. Qh3 Nd1 31. Qg3 Qe3+ 0-1

[Event "European Hybrid Qual 2021"]
[Site "Tornelo INT"]
[Date "2021.05.27"]
[Round "2.4"]
[White "Gumularz, Szymon"]
[Black "Eljanov, Pavel"]
[Result "1-0"]
[WhiteTitle "IM"]
[BlackTitle "GM"]
[WhiteElo "2517"]
[BlackElo "2672"]
[WhiteFideId "1188062"]
[BlackFideId "14102951"]
[EventDate "2021.05.24"]
[EventType "k.o."]

1. d4 Nf6 2. c4 e6 3. Nc3 Bb4 4. e3 c5 5. Ne2 b6 6. a3 Ba5 7. Rb1 Na6 8. g3 Bb7
9. d5 b5 10. Bg2 bxc4 11. O-O O-O 12. e4 d6 13. Qa4 exd5 14. exd5 Bxc3 15. bxc3
Bc8 16. Nf4 Nc7 17. Re1 Re8 18. Bd2 Rxe1+ 19. Rxe1 Ba6 20. h3 h6 21. g4 Rb8 22.
Ne2 Bb5 23. Qd1 Qd7 24. Ng3 Re8 25. Rxe8+ Qxe8 26. Nf5 Qd7 27. Bf4 Nce8 28. Qe2
Kf8 29. Qe3 Ng8 30. Bxd6+ Nxd6 31. Qxc5 Ne7 32. Nxd6 Ba6 33. Nf5 g6 34. Nxe7
Qxe7 35. d6 1-0

[Event "European Hybrid Qual 2021"]
[Site "Tornelo INT"]
[Date "2021.05.26"]
[Round "2.1"]
[White "Pancevski, Filip"]
[Black "Jobava, Baadur"]
[Result "0-1"]
[WhiteTitle "IM"]
[BlackTitle "GM"]
[WhiteElo "2519"]
[BlackElo "2603"]
[WhiteFideId "15002187"]
[BlackFideId "13601520"]
[EventDate "2021.05.24"]
[EventType "k.o."]

1. c4 c6 2. g3 d5 3. Nf3 g6 4. Qa4 Nf6 5. cxd5 Nxd5 6. Qd4 f6 7. Bg2 Na6 8. O-O
e5 9. Qh4 Be7 10. d3 Nab4 11. a3 Nc2 12. Ra2 Nb6 13. b4 h5 14. Nxe5 fxe5 15. Qe4
Nd4 16. Qxg6+ Kd7 17. Qg7 Qf8 18. Qxe5 Bf6 19. Bh3+ Kd8 20. Bg5 Nd5 21. Bxc8
Kxc8 22. Bxf6 Qxf6 23. Qxf6 Nxf6 24. e3 Ne6 25. h3 a5 26. Rb2 axb4 27. axb4 b5
28. Nc3 Kd7 29. Rc1 Ra3 30. d4 Re8 31. Kg2 Nc7 32. Rbc2 Re6 33. Rb2 Ncd5 34. Ne2
Re8 35. Rcb1 Ne4 36. Rb3 Ra4 37. R1b2 Nd6 38. Nf4 Nxf4+ 39. gxf4 Rg8+ 40. Kf3
Nc4 41. Rc2 Ra1 42. Rd3 Rh1 43. d5 Rxh3+ 44. Ke2 Rg2 45. dxc6+ Kxc6 46. f5 Rxf2+
47. Kxf2 Rh2+ 48. Kg3 Rxc2 49. e4 Nd6 50. Kf4 Rc4 51. Re3 Rxb4 52. f6 Kd7 0-1

[Event "European Hybrid Qual 2021"]
[Site "Tornelo INT"]
[Date "2021.05.27"]
[Round "2.2"]
[White "Jobava, Baadur"]
[Black "Pancevski, Filip"]
[Result "0-1"]
[WhiteTitle "GM"]
[BlackTitle "IM"]
[WhiteElo "2603"]
[BlackElo "2519"]
[WhiteFideId "13601520"]
[BlackFideId "15002187"]
[EventDate "2021.05.24"]
[EventType "k.o."]

1. b3 d5 2. Bb2 Bf5 3. e3 e6 4. h3 h6 5. d3 c5 6. Nd2 Nc6 7. g4 Bg6 8. Ne2 f6 9.
Bg2 Bd6 10. f4 Nge7 11. Ng3 Qc7 12. O-O O-O-O 13. Qe2 Kb8 14. Rae1 Rhe8 15. Kh1
Rh8 16. Rg1 Nb4 17. Nf3 h5 18. gxh5 Bxh5 19. Nxh5 Rxh5 20. a3 Nbc6 21. b4 cxb4
22. axb4 Bxb4 23. Rb1 Rdh8 24. Bf1 Nf5 25. Rg4 Bc5 26. Bc1 g5 27. d4 Bd6 28. c3
Qh7 29. Qb2 Rxh3+ 30. Kg2 b6 31. Kf2 Rh1 32. Qb5 Kc7 33. fxg5 Qh5 34. Rg2 Nh4
35. Nxh4 Qxh4+ 36. Ke2 Qe4 37. Rb2 Rxf1 38. Kxf1 Rh1+ 39. Rg1 Qf3+ 40. Rf2 Qd1+ 0-1